00666 2200229 4500001002100000005001700021008004100038035002400079090001800103100003200121245010600153250001100259260004300270300000600313650002300319700002600342700001700368850001500385980001500400985000600415999001500421YOGYA-0209000000117220090227020424.0 ind  0010-020900000001172 a297.91bAhm F aAhmad, Hadhrat Mirza Ghulam aFilsafat ajaran IslamcMadhrat Mirza Ghulam Ahmad ; alih bahasa, Sayyid Shah Muhammad, R. Ahmad Anwar aCet. 1 a(sl)bJemaat Ahmadiyah Indonesiac1977 a. aFilsafat - Sejarah aMuhammad, Sayyid Shah aAnwar, Ahmad aYOPDYOG(B) a07-08-2005 a1 aa000022860